00305nam a2200121Ia 4500008004100000082001100041245002400052250000600076260004500082300000800127630002400135730002400159090124s9999 xx 000 0 und d b302786 a झुबेदा a1 bमेहता शशिकलाc1994 a294 a झुबेदा a झुबेदा